01684nam a2200145 4500020001800000082002300018100002700041245008700068260005400155300001400209520118400223650004001407650004601447650004501493 a9789389152265 a297.4095491bPAR-S aParacha, Nadeem Farooq aSoul Rivals :bState, Militant and Pop Sufism in Pakistan /cNadeem Farooq Paracha aChennai :bWestland Publications Pvt. Ltd.,c2020 a115 pages aSufism has always been a contested space in Pakistan. Successive governments, political parties and religious organisations have attempted to coopt it or reject it to suit their own political agendas. Since the turn of the millennium, however, the Pakistani government has made a conscious effort to recast Pakistan as a ‘Sufi country’—a whitewashing endeavour. in the past few decades, Pakistan’s image has taken a severe beating, ravaged as the country is by the rise of religious extremism. A focus on the syncretic culture of Sufism was seen as a way to reverse this damage without the need to explore more secular narratives and alternatives as almost every attempt at genuine reform has triggered extreme reactions from the politico-religious segments of the society that were empowered through various controversial constitutional amendments and laws between 1974 and the late 1980s.Soul Rivals discusses the many strands of Sufism (State, Pop and Militant) that have emerged in the course of the country’s attempts to reimagine Sufism. In this close look at the religio-political space in Pakistan, Nadeem Farooq Paracha is as insightful as he is entertaining.  aIslam and politicszPakistanzIndia aReligious fundamentalismzPakistanzIndia aPolitics and governmentzPakistanzIndia